000 00658nam a2200241Ia 4500
003 OSt
005 20221007071758.0
006 a|||||r|||| 00| 0
007 ta
008 221006b |||||||| |||| 00| 0 eng d
020 _a037230012X
024 _a18,790
037 _cTextual
040 _aFLL
_cFLL
_beng
041 _2eng
_aeng
082 _aZ10aX72, L6
100 _aKnechtle Arnold A.
_9689413
245 0 _aBasic problems in international fiscal law
260 _aLondon
_bHFL (Publishers) Ltd. England
_c1976
300 _a264p
_ccm.
942 _hZ10aX72, L6
_cTEXL
_2CC
999 _c1144304
_d1144304